000 00660nam a2200181Ia 4500
008 090123s9999 xx 000 0 und d
082 _b39763
100 _aदेशपांडे उर्मिला
245 _aक्षण एक पुरे प्रेमाचा
250 _a1
260 _bसुयोग प्रकाशन
_c2006
300 _a200
600 _aदेशपांडे उर्मिला
630 _aक्षण एक पुरे प्रेमाचा
700 _aदेशपांडे उर्मिला
730 _aक्षण एक पुरे प्रेमाचा
942 _cBOOK
999 _c77835
_d77835